| 000 | 01085pam a2200361 a 4500 | ||
|---|---|---|---|
| 999 |
_c1110 _d1110 |
||
| 001 | 014606700 | ||
| 003 | Uk | ||
| 005 | 20211008092321.0 | ||
| 008 | 080328r20081991enk 000 1 eng d | ||
| 015 |
_aGBA863235 _2bnb |
||
| 016 | 7 |
_a014606700 _2Uk |
|
| 020 | _a9780141030937 (pbk.) : | ||
| 020 | _a0141030933 (pbk.) : | ||
| 040 |
_aStDuBDS _beng _cStDuBDS _dUk |
||
| 042 | _aukblcatcopy | ||
| 082 | 0 | 4 |
_aFIC BAR _222 |
| 100 | 1 |
_aBarker, Pat, _d1943- |
|
| 245 | 1 | 0 |
_aRegeneration / _cPat Barker. |
| 260 |
_aLondon : _bPenguin, _c2008. |
||
| 300 |
_a251 p. ; _c20 cm. |
||
| 336 |
_atext _2rdacontent |
||
| 337 |
_aunmediated _2rdamedia |
||
| 338 |
_avolume _2rdacarrier |
||
| 440 |
_aThe regeneration triology ; _nbk. 1 |
||
| 500 | _aOriginally published: 1991. | ||
| 500 |
_aFormerly CIP. _5Uk |
||
| 600 | 1 | 0 |
_aSassoon, Siegfried, _d1886-1967 _vFiction. |
| 600 | 1 | 0 |
_aRivers, W. H. R. _q(William Halse Rivers), _d1864-1922 _vFiction. |
| 650 | 0 |
_aWorld War, 1914-1918 _vFiction. |
|
| 650 | 0 |
_aWar neuroses _vFiction. |
|
| 655 | 7 |
_aHistorical fiction. _2gsafd |
|
| 942 |
_2ddc _cFIC |
||